| 000 | 00800cab a2200217 4500 | ||
|---|---|---|---|
| 001 | WB2505-41 | ||
| 008 | 090401t1989 xxu||||| |||| 00| 0 eng d | ||
| 035 | _a(Sirsi) u47682 | ||
| 041 | _aeng | ||
| 245 | _aRestrictive covenants not annexed in original conveyance | ||
| 260 | _c1989 | ||
| 350 | _a0 | ||
| 490 |
_aEGCS _v(1989) 4 |
||
| 520 | _aIn J Sainsbury plc and Another v Enfield LBC , ChD 16 January 1989, it was held that nineteenth century restrictive covenants were no longer enforceable and had not been annexed to the title of the original covenantee. | ||
| 650 | _aFEDERATED HOMES LTD V MILL LODGE PROPERTIES LTD | ||
| 650 | _aLAW OF PROPERTY ACT 1925 S78 | ||
| 650 | _aLAW OF PROPERTY ACT 1925 S84 | ||
| 690 | _aPROPERTY LAW AND PRACTICE | ||
| 942 | _n0 | ||
| 948 | _c04/03/1997 | ||
| 999 |
_c30054 _d30054 |
||